599 bài toán tích phân Luyện thi đại học và cao đẳng; bồi dưỡng học sinh giỏi trung học phổ thông

Gespeichert in:
Bibliographische Detailangaben
1. Verfasser: Hà Văn Chương
Format: Buch
Sprache:Undetermined
Veröffentlicht: Tp. HCM Trẻ 2000
Schlagworte:
Tags: Tag hinzufügen
Keine Tags, Fügen Sie den ersten Tag hinzu!
Thư viện lưu trữ: Trung tâm Học liệu Trường Đại học Cần Thơ
LEADER 00616nam a2200181Ia 4500
001 CTU_36939
008 210402s9999 xx 000 0 und d
082 |a 515.076 
082 |b Ch561 
100 |a Hà Văn Chương 
245 0 |a 599 bài toán tích phân 
245 0 |b Luyện thi đại học và cao đẳng; bồi dưỡng học sinh giỏi trung học phổ thông 
245 0 |c Hà Văn Chương 
260 |a Tp. HCM 
260 |b Trẻ 
260 |c 2000 
650 |a calculus, integral,functions,mathematical analysis 
980 |a Trung tâm Học liệu Trường Đại học Cần Thơ